| 000 | 00389nam a22001577a 4500 | ||
|---|---|---|---|
| 999 |
_c523567 _d523567 |
||
| 003 | NUST | ||
| 020 | _a9781472228727 | ||
| 038 | _awaseem | ||
| 082 |
_a330.951 _bPAU |
||
| 100 |
_aPaulson, Henry M. _914231 |
||
| 245 |
_aDealing With China / _cHenry M. Paulson |
||
| 260 |
_aUnited Kingdom : _bHeadline Publisher, _c2015. |
||
| 300 | _a430 p. ; | ||
| 500 | _aPaperback. | ||
| 942 |
_2ddc _cBK |
||